000 01162nam a22003497a 4500
003 CHAP
005 20220329143322.0
008 080606s2000 mx a r 00010 spa d
010 _a94899
011 _a95871
020 _a9707010908
035 _a106503
040 _cCHAP
082 0 4 _a305.4
_bP29
100 1 _aPaz López, María de la
_e, comp.
_986356
245 1 0 _aFamilia, género y pobreza
_c/comp. por María de la Paz López y Vania Salles
260 _aMéxico, D.F. :
_bGrupo Interdisciplinario sobre Mujer, Trabajo y Pobreza,
_c2000
300 _a431 p. :
_bgráfs. ; cuadros
590 _aBATCH-UPD
_b10
_c20130110
_lUCH01
_h0448
590 _aBATCH-UPD
_b10
_c20130410
_lUCH01
_h0124
590 _aBATCH-UPD
_b10
_c20130914
_lUCH01
_h1308
590 _aCONVERSION
_b10
_c20130109
_lUCH01
_h1352
650 1 4 _aEnfoque de género.
_936945
650 1 4 _aFamilia.
_939405
650 1 4 _aMujer.
_979312
650 1 4 _aMujer
_xSituación social
_zMéxico.
_979341
650 1 4 _aPobreza.
_989463
700 0 _aSalles, Vania
_e, comp.
_9101750
901 _aBK
942 _cLIBRO
949 _a305.4 P29
_bBC
_cLIBRO
_d33724002057504
_eLIBRO
_h109732
_i106503
_so
999 _c94899
_d94899